Statistics for KPOP LEADERS(Boygroup ver.)

Click here to take the quiz!

General Stats

  • This quiz has been taken 47 times
  • The average score is 14 of 84

Answer Stats

Boy GroupLeader% Correct
SEVENTEENS.Coups
93%
Stray KidsBang Chan
90%
TXTSoobin
85%
ENHYPENJungwon
78%
BTSRM
75%
ATEEZHongjoong
70%
P1HarmonyKeeho
70%
NCT DreamMark
63%
NCT 127Taeyong
58%
BIGBANGG-Dragon
55%
EXOSuho
50%
ASTROJinjin
48%
SHINeeOnew
48%
ZEROBASEONEHanbin
45%
TREASUREHyunsuk
38%
BOYNEXTDOORJaehyun
38%
GOT7Jay B
38%
MONSTA XShownu
38%
PENTAGONHui
33%
THE BOYZSangyeon
30%
TREASUREJihoon
25%
Xdinary HeroesGunil
23%
SUPER JUNIORLeeteuk
20%
BTOBEunkwang
18%
XikersMinjae
18%
The RoseWoosung
18%
TWSShinyu
15%
NCT WISHSion
15%
VIXXN
13%
Day6Sungjin
13%
CIXBX
10%
EVNNEKeita
10%
OnlyOneOfNine
10%
CRAVITYSerim
10%
MCNDCastle J
8%
A.C.EJunhee
5%
VAVSt.Van
5%
EPEXWish
5%
PLAVEYejun
5%
ONEWEYonghoon
5%
WINNERYoon
5%
DKBD1
3%
Golden ChildDaeyeol
3%
VERIVERYDongheon
3%
DKBE-Chan
3%
NOWADAYSHyeonbin
3%
ONFHyojin
3%
OMEGA XJaehan
3%
8TURNJaeyun
3%
2AMJo Kwon
3%
ONE PACTJongwoo
3%
TEMPESTLew
3%
INFINITESungkyu
3%
LUCYYechan
3%
CNBLUEYonghwa
3%
SF9Youngbin
3%
DRIPPINYunseong
3%
TANChangsun
0%
WEiDaehyeon
0%
HighlightDujun
0%
YOUNITEEunho
0%
YOUNITEEunsang
0%
BAE173Hangyul
0%
TRENDZHankook
0%
FT IslandHong Gi
0%
NINE.iJewon
0%
AMPERS&ONEJiho
0%
Just BJimin
0%
LUN8Jinsu
0%
DKZJonghyeong
0%
MIRAEJunhyuk
0%
GHOST9Jun Hyung
0%
ATBOJunseok
0%
n.SSignKazuta
0%
ALL(H)OURSkunho
0%
XODIACLex
0%
DXMONMinjae
0%
FANTASY BOYSMinseo
0%
N.FlyingSeunghyub
0%
ONFSeungjun
0%
VICTONSeungsik
0%
THE NEW SIXTaehun
0%
VANNERTaehwan
0%
HORI7ONVinci
0%

Score Distribution

Percentile by Number Answered

Percent of People with Each Score

Your Score History

You have not taken this quiz